Výdavky štátneho rozpočtu budú podliehať mesačnej regulácii
MF SR rozpíše výdavky štátneho rozpočtu na mesiace posledného štvrťroka 1994, aby sa zabránilo nárastu schodku (v r.1993 v novembri schodok 16 mld Sk, v decembri až 27,6 mld.). Súčasný schodok štátneho rozpočtu, čerpanie a predpokladané príjmy a výdavky do konca roka.
Uložené v:
| Hlavný autor: | |
|---|---|
| Médium: | Kapitola |
| Jazyk: | Slovak |
| Predmet: | |
| Tagy: |
Žiadne tagy, Buďte prvý, kto otaguje tento záznam!
|
MARC
| LEADER | 00000naa a2200000 4500 | ||
|---|---|---|---|
| 001 | r015822 | ||
| 005 | 20221213114739.6 | ||
| 041 | 0 | |a slo | |
| 044 | |a SK | ||
| 245 | 1 | 0 | |a Výdavky štátneho rozpočtu budú podliehať mesačnej regulácii |c A. Miháliková |
| 520 | |a MF SR rozpíše výdavky štátneho rozpočtu na mesiace posledného štvrťroka 1994, aby sa zabránilo nárastu schodku (v r.1993 v novembri schodok 16 mld Sk, v decembri až 27,6 mld.). Súčasný schodok štátneho rozpočtu, čerpanie a predpokladané príjmy a výdavky do konca roka. | ||
| 610 | 2 | 0 | |a výdavky rozpočtu štátneho |
| 610 | 2 | 0 | |a 1994 |
| 610 | 2 | 0 | |a október-december |
| 610 | 2 | 0 | |a Slovensko |
| 610 | 2 | 0 | |a regulácia štátna |
| 610 | 2 | 0 | |a deficit |
| 610 | 2 | 0 | |a Národná poisťovňa Bratislava |
| 100 | 1 | |a Miháliková, A. | |